| 000 | 00510 a2200181 4500 | ||
|---|---|---|---|
| 003 | OSt | ||
| 005 | 20240125115818.0 | ||
| 008 | 240125b |||||||| |||| 00| 0 eng d | ||
| 020 | _a9789387961623 | ||
| 040 | _coclc | ||
| 082 |
_a909.097671 _bFAI/B |
||
| 100 |
_aFaizi, Yousuf _910311 |
||
| 245 |
_aBadar Charitrapusthakam / _cYousuf Faizi |
||
| 250 | _a2nd ed. | ||
| 260 |
_aCalicut: _bIPB Books, _c2019. |
||
| 300 | _a330p. | ||
| 942 |
_2ddc _cBK _h909.097671 _iFAI/B _k909.097671 _mFAI/B |
||
| 999 |
_c43307 _d43307 |
||